000 01170cam a2200289 a 4500
999 _c4558
_d4558
001 2526009
005 20170803124424.0
008 931223s1994 inu b s001 0 eng
010 _a 93050171
020 _a025331609X (cloth : alk. paper)
040 _aDLC
_cDLC
_dDLC
050 0 0 _aB873
_b.D36 1994
082 0 0 _a191
_220
100 1 _aDaniel, Stephen H.
_q(Stephen Hartley),
_d1950-
_934581
245 1 4 _aThe philosophy of Jonathan Edwards :
_ba study in divine semiotics /
_cStephen H. Daniel.
260 _aBloomington :
_bIndiana University Press,
_cc1994.
300 _aix, 212 p. ;
_c25 cm.
440 4 _aThe Indiana series in the philosophy of religion
_924405
504 _aIncludes bibliographical references (p. 201-207) and index.
600 1 0 _aEdwards, Jonathan,
_d1703-1758.
_934582
650 0 _aSemiotics
_xHistory
_y18th century.
_934583
906 _a7
_bcbc
_corignew
_d1
_eocip
_f19
_gy-gencatlg
942 _2lcc
_cMONOGRAPH